Berényi József az MKP elnöke a Magyar Koalíció Pártja tisztújító kongresszusa

Bibliographic Details
Main Author: Oriskó, Norbert, 1964- (Author)
Format: Article
Language:Hungarian
PhysicalDescription:Fotogr.
ISSN:1335-6631
Subjects:

MARC

LEADER 00000nab a2200000 ar4500
001 vtls010275432
003 SK-MaSNL
005 20260318132410.0
008 110503c2011 xo |||||||| 000 b|hun
015 |a SNBRB2011/05  |2 snkbucl 
038 |a SNKBUCL 
040 |a DSZK  |b slo  |c DSZK  |e AACR2 
041 0 |a hun 
044 |a xo  |c SK 
080 |a 329.4  |x (437.6)  |x (=511.141)  |b SMK  |2 2001 
080 |a 061.3  |2 2001 
100 1 |a Oriskó, Norbert,  |d 1964-  |4 aut  |9 440662 
245 1 0 |a Berényi József az MKP elnöke  |b a Magyar Koalíció Pártja tisztújító kongresszusa  |c Oriskó Norbert 
246 3 3 |a Hiszek az erős magyar közösség jövőjében 
246 3 3 |a A civil társadalommal való együttműködésre kell összpontosítani 
300 |b Fotogr. 
500 |a Obsahuje názor politológa Gézu Tokára 
611 2 7 |a Strana maďarskej koalície - Magyar Koalíció Pártja.  |b Kongres  |2 snkbucl  |9 228639 
648 7 |a 2011  |2 snkbucl  |9 328311 
651 7 |a Veľký Meder (Slovensko)  |2 SNKPHgeo  |9 19224 
773 0 |t Szabad újság  |g Évf. XIX, sz. 16 (2011), o. 4-5  |x 1335-6631 
852 |a SNK  |b KIS3GCP 
852 |a DSZK  |b KIS3GCP 
958 |a HU 
958 |a SK 
999 |c 2126568  |d 2128498